| 000 | 00450cam a22002051 4500 | ||
|---|---|---|---|
| 001 | sa 67006286 | ||
| 003 | DLC | ||
| 005 | 20260227112405.0 | ||
| 008 | 881102m19679999xx 000 0 hino | ||
| 010 | _asa 67006286 | ||
| 035 | _a(OCoLC)23558528 | ||
| 040 |
_aDLC _cMiU _dDLC |
||
| 042 | _apremarc | ||
| 050 | 0 | 0 |
_aPK2098.O45 _bG3 |
| 110 | 2 | _aOmilal. | |
| 245 | 1 | 0 | _aGaṛha. |
| 260 | _c[1967- | ||
| 300 |
_av. _c23 cm. |
||
| 500 | _aRomanized. | ||
| 999 |
_c75829 _d75829 |
||